000
00427nam a2200145Ia 4500
008
100122s9999 xx 000 0 und d
082
_b
10329
_a
796.358
100
_a
पंडित बाळ ज
245
_a
पहिले शतक
260
_b
डायमंड बुक स्ट्रॉल
_c
1960
300
_a
100
630
_a
पहिले शतक
730
_a
पहिले शतक
942
_c
BOOK
999
_c
402025
_d
402022